000 00741nam a22002057a 4500
003 NUST - PNEC
005 20170116181203.0
008 160219b xxu||||| |||| 00| 0 eng d
020 _a9789350141502
020 _a818845821X
040 _cLIBRARY
082 _a621 KUM
100 _916530
_aKumar, D S.
245 _aMultiple Choice Questions in Mechanical Engineering (Engineering Examination Review)
_cD.S. Kumar
260 _aNew Delhi
_bS.K. Kataria & Sons
_cc.2014
300 _aVarious Pages
650 _916531
_aMechanical engineering
_xME
856 _uhttp://www.amazon.com/Mechanical-Engineering-Objective-Type-Kumar/dp/9350141507/ref=sr_1_1?s=books&ie=UTF8&qid=1455855282&sr=1-1&keywords=9789350141502
942 _2ddc
_cBK
999 _c71536
_d71536